Language Quiz

Random Language or City Quiz

City Limits Quiz Stats

 Plays Quiz Updated Nov 30, 2016

Challenge
Share
Tweet
Embed
Score 0/20 Timer 05:00
0 Plays Today
% Correct
Toxicity
94%
Velocity
93.6%
Capacity
93.2%
Publicity
92.7%
Domesticity
92.7%
Elasticity
91.8%
Opacity
91.2%
Scarcity
89.8%
Ethnicity
89.7%
Simplicity
87.7%
% Correct
Ferocity
84.6%
Tenacity
82.4%
Vivacity
82.2%
Atrocity
81.6%
Duplicity
78.5%
Audacity
76.5%
Felicity
74.7%
Veracity
68.5%
Sagacity
56.9%
Mendacity
47.3%

You're not logged in!

Compare scores with friends on all Sporcle quizzes.
OR
Log In

You Might Also Like...

Show Comments

Extras

Top Quizzes Today


Score Distribution

Your Account Isn't Verified!

In order to create a playlist on Sporcle, you need to verify the email address you used during registration. Go to your Sporcle Settings to finish the process.

Report this User

Report this user for behavior that violates our Community Guidelines.

Details: